Praktika programmirovanija na Fortrane upražnenija s kommentrarijami

Salvato in:
Dettagli Bibliografici
Autore principale: Dreyfus, Michel
Natura: Libro
Lingua:russo
Pubblicazione: Moskva Mir 1978
Tags: Aggiungi Tag
Nessun Tag, puoi essere il primo ad aggiungerne!!

MARC

LEADER 00000nam a2200000 4500
001 0215271
005 20240109105221.2
041 0 |a rus 
044 |a RU 
245 1 0 |a Praktika programmirovanija na Fortrane  |b upražnenija s kommentrarijami  |c Michel Dreyfus 
264 1 |a Moskva  |b Mir  |c 1978 
300 |a 224 s. 
100 1 |a Dreyfus, Michel